Composición de los complejos agroindustriales en Costa Rica

Sparad:
Bibliografiska uppgifter
Huvudupphovsman: León Núñez, Carmen Violeta
Materialtyp: Text
Publicerad: San Pedro de M. de O.: UCR. IIS
Taggar: Lägg till en tagg
Inga taggar, Lägg till första taggen!

MARC

LEADER 00000 a a2200000 04500
001 19177
003
040
090 |a 019000  
100 |a León Núñez, Carmen Violeta  
245 |a Composición de los complejos agroindustriales en Costa Rica  
260 |a San Pedro de M. de O.:   |b UCR. IIS  
300 |a 29 p.  
999 |c 13705  |d 13705